Sociedad Protectora de la Infancia de Concepción. La figura de Leonor Mascayano Polanco.
Сохранить в:
| Главный автор: | |
|---|---|
| Другие авторы: | , , |
| Формат: | |
| Язык: | испанский |
| Опубликовано: |
Concepción, Chile:
Universidad de Concepción; Facultad de Humanidades y Arte; Departamento de Ciencias Históricas y Sociales; Centro de Investigaciones en Estudios Regionales,
2006.
|
| Редактирование: | Primera edición. |
| Предметы: | |
| Метки: |
Добавить метку
Нет меток, Требуется 1-ая метка записи!
|
MARC
| LEADER | 00000cam a2200000 a 4500 | ||
|---|---|---|---|
| 001 | UCC8713 | ||
| 003 | CL-VaPUC | ||
| 005 | 20241022142914.0 | ||
| 008 | 190809e20060000cl |||||||||||||||||spa|d | ||
| 999 | |c 374965 |d 374963 | ||
| 020 | |a 956-227-302-4 | ||
| 040 | |c Pontificia Universidad Católica de Valparaíso | ||
| 082 | 0 | 4 | |a 362.70983 IBA 2006 |2 21 |
| 100 | |a Ibarra Rebolledo, Carlos |e autor |9 603424 | ||
| 245 | 1 | 0 | |a Sociedad Protectora de la Infancia de Concepción. |b La figura de Leonor Mascayano Polanco. |
| 250 | |a Primera edición. | ||
| 260 | |a Concepción, Chile: |b Universidad de Concepción; |b Facultad de Humanidades y Arte; |b Departamento de Ciencias Históricas y Sociales; |b Centro de Investigaciones en Estudios Regionales, |c 2006. | ||
| 300 | |a 115 páginas. | ||
| 500 | |a c. Fondo Budge. Donación del Profesor Sr. Eduardo Cavieres. 05-08-2019. | ||
| 583 | |a last modification |c 20190809 11:18:00 |k Rodrigo Vera | ||
| 600 | |a Mascayano Polanco, Leonor |x Biografía |9 892584 | ||
| 650 | 0 | |a Sociedades de beneficencia |2 CL-VaPUC |9 319868 | |
| 700 | |a Rocha, Priscilla |e autora |9 603425 | ||
| 700 | |a González Bravo, Soledad |e autora |9 603426 | ||
| 700 | |a Muñoz, Cinthya |e autora |9 603427 | ||
| 942 | |c BK |2 ddc | ||
| 945 | |d 20190809 11:18:00 |a dcastane | ||
| 952 | |0 0 |1 0 |3 erb |4 0 |6 362_709830000000000_IBA_2006 |7 0 |8 X |9 493751 |a FDOBUD |b FDOBUD |i 5595002 |o 362.70983 IBA 2006 |p 5595002 |r 2019-11-24 |w 2019-11-24 |y BK_X |z Catalogado en:20190809 |k BUD | ||